000 00699nam a2200253Ia 4500
003 OSt
005 20221005081126.0
006 a|||||r|||| 00| 0
007 ta
008 221004b |||||||| |||| 00| 0 eng d
020 _a9788173243194 (pbk)
_c
_ 5.78
024 _a70045
037 _bGift, 16/11/2021,
_cTextual
040 _aCRL
_cCRL
_beng
041 _2eng
_aeng
082 _aU8, P9
100 _aRiechstein Steve Au.
_9610843
245 0 _aHello I love you good bye
260 _aNew Delhi
_bPrakash Books India
_c2009
300 _a208p.
_ccm.
650 _aTRAVEL
942 _hU8, P9
_cTEXL
_2cc
999 _c987206
_d987206